Differential geometry, lie groups, and symmetric spaces / (Record no. 29837)

000 -LEADER
fixed length control field 00694 a2200193 4500
020 ## - INTERNATIONAL STANDARD BOOK NUMBER
International Standard Book Number 0821828487
020 ## - INTERNATIONAL STANDARD BOOK NUMBER
International Standard Book Number 9780821828489
082 ## - DEWEY DECIMAL CLASSIFICATION NUMBER
Classification number 516.36
090 ## - LOCALLY ASSIGNED LC-TYPE CALL NUMBER (OCLC); LOCAL CALL NUMBER (RLIN)
-- 1224
-- 1224
100 1# - MAIN ENTRY--PERSONAL NAME
Personal name Helgason, Sigurdur.
245 10 - TITLE STATEMENT
Title Differential geometry, lie groups, and symmetric spaces /
Statement of responsibility, etc. Sigurdur Helgason.
260 ## - PUBLICATION, DISTRIBUTION, ETC.
Place of publication, distribution, etc. [S.l.] :
Name of publisher, distributor, etc. American Mathematical Society,
Date of publication, distribution, etc. 2001.
300 ## - PHYSICAL DESCRIPTION
Extent 641 p. ;
Dimensions 27 cm.
490 1# - SERIES STATEMENT
Series statement Graduate studies in mathematics.
700 ## - ADDED ENTRY--PERSONAL NAME
Personal name Helgason, Sigurdur.
830 #0 - SERIES ADDED ENTRY--UNIFORM TITLE
Uniform title Graduate studies in mathematics.
942 ## - ADDED ENTRY ELEMENTS (KOHA)
Institution code [OBSOLETE] SNS
Koha item type Book
Call number prefix 516.36 HEL
Holdings
Withdrawn status Lost status Damaged status Not for loan Permanent Location Current Location Date acquired Total Checkouts Total Renewals Full call number Barcode Date last seen Date last checked out Price effective from Koha item type
        School of Natural Sciences (SNS) School of Natural Sciences (SNS) 05/26/2016 1 1 516.36 HEL SNS0001291 08/29/2019 09/16/2018 05/26/2016 Book
© 2023 Central Library, National University of Sciences and Technology. All Rights Reserved.